[Event "Gausdal Int"]
[Site "Gausdal"]
[Date "1983.??.??"]
[Round "?"]
[White "Dlugy, Maxim"]
[Black "Ornstein, Axel"]
[Result "0-1"]
[WhiteElo "2455"]
[BlackElo "2455"]

1.d4 Nf6 2.c4 e6 3.Nf3 b6 4.g3 Ba6 5.Qa4 c5 6.Bg2 Bb7 7.dxc5 Bxc5 8.Nc3 O-O
9.O-O Ne4 10.Nxe4 Bxe4 11.Bf4 Qc8 12.b4 Be7 13.Rac1 Qb7 14.Rfd1 Rd8 15.Rd4 f5
16.Bd6 Bf6 17.Rd2 a6 18.Qb3 Nc6 19.Rcd1 b5 20.Ne1 Bxg2 21.Nxg2 bxc4 22.Qxc4 Rac8
23.Qb3 Na7 24.Bc5 Nb5 25.Nf4 Qc6 26.Nh5 Be5 27.f4 Bc3 28.Rd3 Qe4 29.Kf2 Rxc5
30.bxc5 Nd4 31.Rxd4 Bxd4+ 32.e3 Bxc5 33.Qc3 Bf8 34.Qc7 Qa4 35.Rd2 Qb4 36.Rd4 Qe7
37.g4 fxg4 38.Ng3 Qh4 39.Kg2 d5 40.Ra4 Bd6 41.Qc2 g5  0-1

[Event "BL2-N"]
[Site "Germany"]
[Date "1983.??.??"]
[Round "?"]
[White "Rosin, Wolfgang"]
[Black "Neumann, Joachim"]
[Result "0-1"]
[WhiteElo "2260"]
[BlackElo "2235"]

1.d4 Nf6 2.Nf3 e6 3.c4 b6 4.g3 Ba6 5.Qc2 c5 6.Bg2 Bb7 7.dxc5 Bxc5 8.Nc3 O-O
9.O-O Qc8 10.Bg5 Be7 11.Rac1 Qxc4 12.Nd2 Qc8 13.Nde4 Na6 14.Bxf6 gxf6 15.Qd2 Nc5
16.b4 Nxe4 17.Nxe4 Qd8 18.Nxf6+ Bxf6 19.Bxb7 Rb8 20.Be4 d5 21.Bb1 Kg7 22.Rc6 Rc8
23.Rfc1 Rxc6 24.Rxc6 Be5 25.f4 Bb8 26.Qd3 Rh8 27.f5 Qf6 28.b5 Qxf5 29.Qxf5 exf5
30.Bxf5 h5 31.Kg2 Be5 32.h3 Rh6 33.Rc8 Rh8 34.Rc2 Kf6 35.g4 hxg4 36.Bxg4 Kg5
37.Rc6 Kf4 38.Rc1 f6 39.Rf1+ Ke3 40.Rf3+ Kd4 41.Be6 Kc5 42.Rd3 d4 43.Ra3 Rh7
44.Rb3 Rg7+ 45.Kf3 Kd6 46.Bg4 Kd5 47.e3 dxe3 48.Kxe3 Re7 49.Kf3 Rc7 50.Rd3+ Bd4
51.Kf4 Re7 52.Bf3+ Kc4 53.Rb3 Rh7 54.Kf5 Bc3 55.Be2+ Kd4 56.Bg4 Kc4 57.Kg6 Rh4
58.Be6+ Kd3 59.Ra3 Rb4 60.Rxa7 Rxb5 61.Bf5+ Ke3 62.h4 Rb2 63.Ra4 Bd4 64.h5 b5
65.Ra3+ Kf4 66.Bh3 f5 67.h6 b4 68.Ra5 b3 69.a3 Rh2 70.Bxf5 Rg2+ 71.Kf7 Rg5
72.Ke6 b2 73.h7 b1=Q  0-1

[Event "Hamar op"]
[Site "Hamar"]
[Date "1983.??.??"]
[Round "3"]
[White "Sjoberg, Mats"]
[Black "Wells, Peter K"]
[Result "1-0"]
[WhiteElo "2370"]
[BlackElo "2330"]

1.d4 Nf6 2.c4 e6 3.Nf3 b6 4.g3 Ba6 5.b3 Bb4+ 6.Bd2 Be7 7.Bg2 c6 8.Bc3 d5
9.Ne5 Nfd7 10.Nxd7 Nxd7 11.Nd2 Rc8 12.O-O O-O 13.Re1 c5 14.cxd5 exd5 15.e4 cxd4
16.Bxd4 Bc5 17.Bxc5 Nxc5 18.exd5 Nd3 19.Re3 Nb4 20.Re4 Nc2 21.Rc1 Bd3 22.Rf4 g5
23.Ra4 b5 24.Rxa7 Be2 25.Qxe2 Nd4 26.Qe5 Rxc1+ 27.Bf1 Qb6 28.Qxg5+ Kh8 29.Qe5+ Kg8
30.Qg5+ Kh8 31.Qe7 Kg8 32.Kg2 Rc2 33.Ne4 Qg6 34.Bd3 Nf5 35.Qg5 Rb2 36.Nf6+ Kg7
37.Nh5+  1-0

[Event "Hamar op"]
[Site "Hamar"]
[Date "1983.??.??"]
[Round "8"]
[White "Stigar, Petter"]
[Black "Wells, Peter K"]
[Result "1-0"]
[WhiteElo "2240"]
[BlackElo "2330"]

1.d4 Nf6 2.c4 e6 3.Nf3 b6 4.g3 Ba6 5.b3 Bb4+ 6.Bd2 Be7 7.Bg2 c6 8.Bc3 Ne4
9.Bb2 Bb4+ 10.Nbd2 d5 11.O-O Nxd2 12.Nxd2 O-O 13.a3 Bxd2 14.Qxd2 dxc4 15.bxc4 Bxc4
16.Qc3 Bxe2 17.Rfe1 Bg4 18.d5 Qf6 19.Qxf6 gxf6 20.dxc6 Na6 21.Bxf6 Rac8 22.Re5 Bf5
23.g4 Bg6 24.h4 Rfe8 25.h5 Bc2 26.Rc1 Ba4 27.Rg5+ Kf8 28.Rg7  1-0

[Event "Hannover"]
[Site "Hannover"]
[Date "1983.??.??"]
[Round "3"]
[White "Torre, Eugenio"]
[Black "Balashov, Yuri S"]
[Result "1/2-1/2"]
[WhiteElo "2570"]
[BlackElo "2545"]

1.d4 Nf6 2.c4 e6 3.Nf3 b6 4.g3 Ba6 5.b3 Bb4+ 6.Bd2 Be7 7.Bg2 d5 8.cxd5 Nxd5
9.Nc3 Nd7 10.Nxd5 exd5 11.b4 O-O 12.O-O c5 13.bxc5 bxc5 14.Bc3 Re8 15.Re1 Bf6
16.Rc1 Rc8 17.e3 Bc4 18.Qa4 cxd4 19.Bxd4 Nc5 20.Bxc5 Rxc5 21.Qxa7 Ra5 22.Qb7 Rb5
23.Qa7 Ra5  1/2-1/2

[Event "Hannover"]
[Site "Hannover"]
[Date "1983.??.??"]
[Round "6"]
[White "Chen De"]
[Black "Ostermeyer, Peter"]
[Result "1-0"]
[WhiteElo "2320"]
[BlackElo "2450"]

1.d4 Nf6 2.c4 e6 3.Nf3 b6 4.g3 Ba6 5.b3 Bb4+ 6.Bd2 Be7 7.Bg2 d5 8.cxd5 Nxd5
9.Nc3 Nd7 10.O-O O-O 11.Nxd5 exd5 12.b4 c5 13.bxc5 bxc5 14.Bc3 Bf6 15.Re1 Re8
16.Qd2 Rc8 17.e3 c4 18.Rab1 Nb6 19.Qc2 Be7 20.Ne5 f6 21.Nf3 Qd7 22.Nh4 Bb5
23.Ba5 Ba4 24.Qf5 Qxf5 25.Nxf5 Ba3 26.Bxb6 axb6 27.Bxd5+ Kh8 28.Rxb6 c3 29.Ra6 c2
30.Rxa4 c1=Q 31.Rxc1 Rxc1+ 32.Kg2 Bf8 33.Ra6 g6 34.Nd6 Bxd6 35.Rxd6 f5 36.h4 Kg7
37.Kf3 Rc2 38.Rd7+ Kh6 39.Bb3 Rd2 40.Rc7 Rd8 41.Bc2 Rb8 42.Bb3 Rf8 43.d5 Re8
44.Rb7 Rc8 45.Rf7 Rc1 46.g4 fxg4+ 47.Kxg4 Rg1+ 48.Kf3 g5 49.hxg5+ Kg6 50.Rf8 Rxg5
51.e4 Kg7 52.Rf4 Rd4 53.Ke3 Rb4 54.d6 Rb6 55.d7 Rd6 56.Rf7+ Kg6 57.Re7  1-0

[Event "Havana-B"]
[Site "Havana"]
[Date "1983.??.??"]
[Round "13"]
[White "Cruz Lima, Jose M"]
[Black "Frias, Victor J"]
[Result "1-0"]
[WhiteElo "2325"]
[BlackElo "2440"]

1.Nf3 Nf6 2.d4 e6 3.c4 b6 4.g3 Ba6 5.Qc2 Bb4+ 6.Bd2 Bxd2+ 7.Nbxd2 c5 8.Bg2 Nc6
9.e4 cxd4 10.e5 Ng4 11.O-O Rc8 12.Qa4 Bb7 13.Ne4 O-O 14.Nd6 Ba8 15.Nxc8 Qxc8
16.Rad1 Ngxe5 17.Nxd4 Nxd4 18.Rxd4 Qc5 19.Rfd1 Nf3+ 20.Bxf3 Bxf3 21.R1d3 Bc6
22.Qxa7 Qe5 23.Rd1 Qe2 24.Qa3 e5 25.R4d3 Qe4 26.f3 Qxc4 27.Qc3 Qe6 28.Re1 e4
29.Qb3 Qf5 30.fxe4 Bxe4 31.Rde3 Bc6 32.Qa3 d6 33.Qxd6 Qc2 34.R3e2 Qc4 35.Rd2 g6
36.b3 Qc3 37.Qd3 Qa5 38.Red1 Ba8 39.Qe3 Qa7 40.Rd8 Qxa2 41.Rxf8+ Kxf8 42.Rd8+ Kg7
43.Qd4+ Kh6 44.Qd2+ Qxd2 45.Rxd2 b5 46.Kf2 Kg5 47.Rc2 Kf5 48.Rc5+ Ke4 49.Rxb5 Kd4
50.Rb8 Bd5 51.b4 Kc4 52.b5 Kc5 53.Ke3 Be6 54.Kf4 Kd6 55.b6 h6 56.Re8 Bd7
57.Rd8  1-0

[Event "Poutiainen mem"]
[Site "Helsinki"]
[Date "1983.??.??"]
[Round "?"]
[White "Yrjola, Jouni"]
[Black "Schussler, Harry"]
[Result "1/2-1/2"]
[WhiteElo "2310"]
[BlackElo "2485"]

1.d4 Nf6 2.c4 e6 3.Nf3 b6 4.g3 Ba6 5.b3 Bb4+ 6.Bd2 Bxd2+ 7.Qxd2 c6 8.Qb2 d5
9.Nbd2 O-O 10.Bg2 Nbd7 11.O-O c5 12.Rac1 Bb7 13.b4 cxb4 14.Qxb4 Rc8 15.Rc2 dxc4
16.Nxc4 Nd5  1/2-1/2

[Event "Indonesia"]
[Site "Indonesia"]
[Date "1983.??.??"]
[Round "10"]
[White "Gunawan, Ronny"]
[Black "Portisch, Lajos"]
[Result "0-1"]
[WhiteElo "2400"]
[BlackElo "2600"]

1.d4 Nf6 2.c4 e6 3.Nf3 b6 4.g3 Ba6 5.b3 Bb4+ 6.Bd2 Be7 7.Bg2 c6 8.O-O d5
9.Ne5 Nfd7 10.Nxd7 Qxd7 11.cxd5 cxd5 12.Re1 Nc6 13.Bc3 O-O 14.Nd2 Rac8 15.a3 Rc7
16.Nf3 Rfc8 17.Bd2 Bd6 18.Bh3 Ne7 19.e4 dxe4 20.Ng5 Nf5 21.d5 Be7 22.dxe6 fxe6
23.Nxe4 Rc2 24.Be3 Qc6 25.Qg4 Bb7 26.Bg2 Kh8 27.Bf3 Qe8 28.Bf4 Bd5 29.Nd2 Bxf3
30.Nxf3 Bc5 31.Rf1 a5 32.Be5 Bf8 33.Rae1 R8c6 34.h4 Kg8 35.Ba1 Qc8 36.Ne5 Rc7
37.Nd3 Bxa3 38.Kh2 Bd6 39.Qe4 Nxg3  0-1

[Event "Indonesia"]
[Site "Indonesia"]
[Date "1983.??.??"]
[Round "17"]
[White "Tarjan, James Edward"]
[Black "Handoko, Edhi"]
[Result "1-0"]
[WhiteElo "2535"]
[BlackElo "2420"]

1.d4 Nf6 2.c4 e6 3.Nf3 b6 4.g3 Ba6 5.b3 Bb4+ 6.Bd2 Be7 7.Nc3 d5 8.cxd5 Nxd5
9.Nxd5 exd5 10.Bg2 Nd7 11.O-O O-O 12.Rc1 Re8 13.Be3 Bd6 14.Re1 Nf6 15.Ne5 Bb7
16.Bf4 c5 17.e3 Rc8 18.Nd3 Ne4 19.Bxd6 Qxd6 20.Nf4 h6 21.Qd3 Rc7 22.dxc5 Nxc5
23.Qd2 Rd7 24.Red1 Red8 25.Qb2 Qe7 26.Rd2 Ne6 27.Qe5 Nxf4 28.Qxf4 Qa3 29.Rdc2 Ba6
30.Qd4 Qd6 31.h4 Re7 32.Rc6 Qb8 33.Kh2 Bb7 34.R6c3 Ba6 35.R3c2 Bb7 36.Rd1 Ree8
37.Rcd2 Qc7 38.e4 Rd6 39.exd5 Red8 40.Qe4 Qc5 41.Rc2 Qa5 42.Rc7 Bxd5 43.Qe7 Qxa2
44.Rxd5  1-0

[Event "URS-ch sf"]
[Site "Irkutsk"]
[Date "1983.??.??"]
[Round "?"]
[White "Polovodin, Igor A"]
[Black "Chernin, Alexander"]
[Result "1/2-1/2"]
[WhiteElo "2435"]
[BlackElo "2475"]

1.d4 Nf6 2.c4 e6 3.Nf3 b6 4.g3 Ba6 5.b3 Bb4+ 6.Bd2 Be7 7.Nc3 d5 8.cxd5 exd5
9.Bg2 O-O 10.O-O Bb7 11.Rc1 Na6 12.Bf4 c5 13.Ne5 Re8 14.dxc5 Nxc5 15.Nb5 Nh5
16.Be3 Bf8 17.Nd3 Ne6 18.Nd4 Nf6 19.Nxe6 fxe6 20.Bd4 Bd6 21.Ne5 Qe7 22.Qd2 Nd7
23.Nxd7 Qxd7 24.Bb2 Rad8 25.e3 Bb8 26.Rfd1 Qf7  1/2-1/2

[Event "Jajce (Women)"]
[Site "Jajce"]
[Date "1983.??.??"]
[Round "4"]
[White "Zivkovic, Vesna"]
[Black "Alexandria, Nana"]
[Result "0-1"]
[WhiteElo "2130"]
[BlackElo "2355"]

1.d4 Nf6 2.c4 e6 3.Nf3 b6 4.g3 Ba6 5.Qc2 c5 6.b3 cxd4 7.Nxd4 Bb7 8.f3 d5
9.Nd2 Bc5 10.Bb2 Nbd7 11.O-O-O Rc8 12.e4 dxc4 13.Nxc4 O-O 14.Kb1 Bxd4 15.Bxd4 b5
16.Bxf6 gxf6 17.Qd2 bxc4 18.Qxd7 cxb3 19.axb3 Qb6 20.Qb5 f5 21.Qxb6 axb6
22.Bd3 Rfd8 23.Kb2 Kg7 24.Rhf1 fxe4 25.fxe4 e5 26.Bc2 h6 27.Bd3 Rd4 28.Bc4 Rxd1
29.Rxd1 Bxe4 30.Re1 f5 31.g4 Kf6 32.gxf5 Bxf5 33.Rf1 e4 34.Bb5 Rc7 35.Rd1 Ke5
36.Rd8 e3 37.Bc4 Rxc4  0-1

[Event "URS-ch U26"]
[Site "Jurmala"]
[Date "1983.??.??"]
[Round "?"]
[White "Zaichik, Gennadi"]
[Black "Shneider, Aleksandr"]
[Result "1-0"]
[WhiteElo "2480"]
[BlackElo "2460"]

1.d4 Nf6 2.c4 e6 3.Nf3 b6 4.g3 Ba6 5.Nbd2 Bb7 6.Bg2 Be7 7.O-O O-O 8.Qc2 d5
9.cxd5 exd5 10.Ne5 c5 11.Ndf3 Na6 12.Bf4 Nc7 13.dxc5 bxc5 14.b4 Ne6 15.bxc5 Bxc5
16.Nd3 Bb6 17.Be5 Ne4 18.e3 Rc8 19.Qb2 Nd6 20.Bxd6 Qxd6 21.Rfd1 d4 22.Nde1 Rfd8
23.Nxd4 Nxd4 24.Bxb7 Rb8 25.Bg2 Qf6 26.Rab1 Bc7 27.Qa3 Rxb1 28.Rxb1 Ne2+
29.Kf1 Bxg3 30.Nf3 Bd6 31.Qa5 Nc3 32.Rb7 Bxh2 33.Nd4 Nd1 34.Nf5 g6 35.Nh6+ Kg7
36.Rxf7+ Qxf7 37.Nxf7 Kxf7 38.Qxd8  1-0

[Event "URS-ch U26"]
[Site "Jurmala"]
[Date "1983.??.??"]
[Round "?"]
[White "Shneider, Aleksandr"]
[Black "Kengis, Edvins"]
[Result "1/2-1/2"]
[WhiteElo "2460"]
[BlackElo "2445"]

1.d4 Nf6 2.c4 e6 3.Nf3 b6 4.g3 Ba6 5.b3 d5 6.cxd5 Nxd5 7.Bg2 Bb4+ 8.Bd2 Be7
9.Nc3 Nd7 10.O-O O-O 11.Nxd5 exd5 12.Bf4 Re8 13.Rc1 c5 14.dxc5 Bxc5 15.Nd4 Nf6
16.Re1 Qd7 17.Bf3 Rac8 18.a3 Ne4 19.b4 Bf8 20.Rxc8 Rxc8 21.Qa1 g6 22.Rc1 Bg7
23.Be3 Rc4 24.Rxc4 Bxc4 25.Qd1 Nc3 26.Qc2 Nb5 27.Qa4 Bxd4 28.Bxd4 Bb3 29.Qxb3 Nxd4
30.Qd3 Nxf3+ 31.Qxf3  1/2-1/2

[Event "Jurmala"]
[Site "Jurmala"]
[Date "1983.??.??"]
[Round "9"]
[White "Pytel, Krzysztof"]
[Black "Kengis, Edvins"]
[Result "1/2-1/2"]
[WhiteElo "2035"]
[BlackElo "2460"]

1.d4 Nf6 2.c4 e6 3.Nf3 b6 4.g3 Ba6 5.b3 d5 6.Bg2 dxc4 7.Ne5 Bb4+ 8.Kf1 Bd6
9.Nxc4 Nd5 10.Bf3 Nc6 11.Kg2 O-O 12.Bb2 b5 13.Ne3 Nxe3+ 14.fxe3 Ne7 15.e4 c5
16.e3 cxd4 17.exd4 Rc8 18.Nc3 e5 19.Nd5 Nxd5 20.exd5 e4 21.Bxe4 Re8 22.Bf3 Bb7
23.Qd3 Qg5 24.Bc1 Qg6 25.Qxg6 hxg6 26.Rd1 Bb4 27.Bf4 Rcd8 28.Bd2 Bxd5  1/2-1/2

[Event "Jurmala"]
[Site "Jurmala"]
[Date "1983.??.??"]
[Round "10"]
[White "Pytel, Krzysztof"]
[Black "Gipslis, Aivars"]
[Result "1/2-1/2"]
[WhiteElo "2035"]
[BlackElo "2475"]

1.d4 Nf6 2.c4 e6 3.Nf3 b6 4.g3 Ba6 5.b3 Bb4+ 6.Bd2 Be7 7.Nc3 d5 8.cxd5 exd5
9.Bg2 O-O 10.O-O Bb7 11.Rc1 Na6 12.Bg5 Ne4 13.Bxe7 Qxe7 14.e3 c5 15.dxc5 Nxc3
16.Rxc3 bxc5 17.Nh4  1/2-1/2

[Event "Toth mem"]
[Site "Kecskemet"]
[Date "1983.??.??"]
[Round "?"]
[White "Karolyi, Tibor Jr"]
[Black "Lukacs, Peter"]
[Result "1/2-1/2"]
[WhiteElo "2425"]
[BlackElo "2440"]

1.d4 Nf6 2.c4 e6 3.Nf3 b6 4.g3 Ba6 5.b3 Bb4+ 6.Bd2 Be7 7.Nc3 Bb7 8.Bg2 O-O
9.O-O Na6 10.Bf4 Re8 11.Ne5 d5 12.Rc1  1/2-1/2

[Event "URS-ch sf"]
[Site "Minsk"]
[Date "1983.??.??"]
[Round "?"]
[White "Eingorn, Vereslav S"]
[Black "Vyzmanavin, Alexey"]
[Result "0-1"]
[WhiteElo "2450"]
[BlackElo "2480"]

1.d4 Nf6 2.Nf3 e6 3.c4 b6 4.g3 Ba6 5.Nbd2 Bb7 6.Bg2 Be7 7.O-O O-O 8.Qc2 d5
9.cxd5 exd5 10.Ne5 c5 11.Ndf3 Na6 12.Qa4 Qe8 13.Qxe8 Rfxe8 14.Bf4 Ne4 15.Rad1 f6
16.Nd3 c4 17.Nc1 b5 18.Nd2 Nxd2 19.Rxd2 g5 20.Be3 f5 21.Rc2 Rac8 22.a3 b4
23.axb4 Nxb4 24.Rc3 a5 25.Bd2 a4 26.Rf3 Nc2 27.Rxf5 Nxd4 28.Bxd5+ Bxd5 29.Rxd5 Rcd8
30.Rxd8 Bxd8 31.Kg2 Nb5 32.Na2 Rxe2 33.Rd1 Bb6 34.Nc3 Rxf2+ 35.Kh3 Nxc3 36.Bxc3 h5
37.g4 h4 38.Be5 Re2 39.Rd5 Kf7 40.Bc3 Bg1  0-1

[Event "SVK-ch"]
[Site "Nova Bana"]
[Date "1983.??.??"]
[Round "13"]
[White "Tibensky, Robert"]
[Black "Petrik, Stanislav"]
[Result "1-0"]
[WhiteElo "2240"]
[BlackElo "2200"]

1.d4 Nf6 2.c4 e6 3.Nf3 b6 4.g3 Ba6 5.Nbd2 Be7 6.Bg2 O-O 7.O-O c6 8.b3 d5
9.Bb2 Nbd7 10.Re1 Rc8 11.Rc1 b5 12.c5 b4 13.Nf1 Bb5 14.h3 Qc7 15.N1h2 Rfe8
16.Rc2 Ne4 17.Nd2 f5 18.Nxe4 fxe4 19.Ng4 h5 20.Ne5 Nxe5 21.dxe5 h4 22.f3 hxg3
23.fxe4 Rf8 24.exd5 cxd5 25.Bd4 Rf4 26.e4 dxe4 27.Rxe4 Rxe4 28.Bxe4 Bc6 29.Qg4 Bxe4
30.Qxe4 Rf8 31.Kg2 Rf5 32.c6 Bd8 33.Rd2 Bg5 34.Re2 Bf4 35.Ba1 a5 36.Qc4 Kf7
37.Qc5 Ke8 38.Bd4 g5 39.Qd6 Qxd6 40.exd6 Bxd6 41.Rxe6+ Be7 42.c7 Kd7 43.Rxe7+  1-0

[Event "ARG-ch U26"]
[Site "Pehuaj"]
[Date "1983.??.??"]
[Round "?"]
[White "Schwanek, Carlos"]
[Black "Tempone, Marcelo"]
[Result "1/2-1/2"]
[WhiteElo "2275"]
[BlackElo "2330"]

1.d4 Nf6 2.c4 e6 3.Nf3 b6 4.g3 Ba6 5.b3 Bb4+ 6.Bd2 Be7 7.Nc3 c6 8.Bg2 O-O
9.O-O d5 10.cxd5 cxd5 11.Bc1 Nbd7 12.Bb2 Rc8 13.Ne1 Rc7 14.Nd3 Bd6 15.a3 Rc8
16.Qd2 Bb7 17.Rfc1 a6 18.a4 Qe7 19.f4 Rc7 20.a5 bxa5 21.Na4 Rfc8 22.Qxa5 Ne4
23.Rxc7 Bxc7 24.Qe1 Bd6 25.Rc1 Ndf6 26.Rxc8+ Bxc8 27.b4 Bd7 28.Nac5 Bb5 29.Bf3 h5
30.Bc3 h4 31.Kg2 hxg3 32.hxg3 Qc7 33.Nf2 Nxf2 34.Qxf2 Ne4 35.Qe1 Nxc3 36.Qxc3 Qe7
37.e3 g5 38.Bd1 gxf4 39.gxf4 Qh4 40.Qd2 Qf6  1/2-1/2

[Event "EU-chT Plovdiv"]
[Site "Plovdiv"]
[Date "1983.??.??"]
[Round "1"]
[White "Gruen, Peter"]
[Black "Scheeren, Peter"]
[Result "1/2-1/2"]
[WhiteElo "2290"]
[BlackElo "2445"]

1.d4 Nf6 2.Nf3 e6 3.c4 b6 4.g3 Ba6 5.b3 Bb4+ 6.Bd2 Be7 7.Bg2 c6 8.Bc3 d5
9.Nbd2 O-O 10.O-O Nbd7 11.Re1 c5 12.e4 dxc4 13.bxc4 cxd4 14.Nxd4 Ne5 15.Nxe6 fxe6
16.Bxe5 Bb4 17.Bf4 e5 18.Be3 Qe7 19.Qa4 Ng4 20.Qxa6 Nxe3 21.Rxe3 Bxd2 22.Rd3 Rad8
23.Rd5 Bc3 24.Rf1 Bd4 25.Qb5 Qf6 26.Kh1 a6 27.Qxa6 Ra8 28.Qb7 Rxa2 29.f4 Qg6
30.f5 Qh5 31.Rxd4 Qe2 32.Qd5+ Kh8 33.Rg1 exd4 34.e5 d3 35.Qd6 Re8 36.e6 Ra7
37.Qd4 Rf8 38.Qd6 Rg8 39.Qxb6 Re7 40.Qd6 Ra7 41.Qd4 Ra2 42.f6 Qxe6 43.fxg7+ Rxg7
44.Qd8+ Rg8 45.Qxd3 Qf6 46.c5 Rd8 47.Qe3 Rdd2 48.Qe8+ Kg7 49.Qe4 Ra1 50.h3 Rxg1+
51.Kxg1 Qf2+ 52.Kh2 Qxc5 53.Qb7+ Kh6 54.Qa6+ Qd6 55.Qxd6+ Rxd6 56.h4 Rd4
57.Kh3 Kg6 58.Bb7 Kf5 59.Bc6 Ke5 60.Bb7 Kd6 61.Bf3 Kc5 62.Bg4 Kd5 63.Bf5 h6  1/2-1/2

[Event "URS-FL"]
[Site "Tallinn"]
[Date "1983.??.??"]
[Round "?"]
[White "Gavrikov, Viktor"]
[Black "Dorfman, Josif D"]
[Result "1/2-1/2"]
[WhiteElo "2485"]
[BlackElo "2545"]

1.d4 Nf6 2.Nf3 e6 3.c4 b6 4.g3 Ba6 5.b3 Bb4+ 6.Bd2 Be7 7.Nc3 c6 8.e4 d5 9.e5 Ne4
10.Bd3 Nxc3 11.Bxc3 c5 12.dxc5 Bxc5 13.Qe2 Bb7 14.Rd1 Qc7 15.cxd5 Bxd5 16.Be4 Bxe4
17.Qxe4 Qc6 18.Qd3 O-O 19.O-O Be7 20.Bb2  1/2-1/2

[Event "URS-ch sf"]
[Site "Volgodonsk"]
[Date "1983.??.??"]
[Round "?"]
[White "Novikov, Igor A"]
[Black "Ionov, Sergey"]
[Result "1/2-1/2"]
[WhiteElo "2280"]
[BlackElo "2200"]

1.d4 Nf6 2.c4 e6 3.Nf3 b6 4.g3 Ba6 5.b3 Bb4+ 6.Bd2 Be7 7.Nc3 c6 8.e4 d5 9.e5 Ne4
10.Bd3 Nxc3 11.Bxc3 c5 12.dxc5 bxc5 13.cxd5 Qxd5 14.Bxa6 Nxa6 15.Qe2 Qc6
16.O-O Nc7 17.Ba5 Nd5 18.Rac1 O-O 19.Nd2 Rfb8 20.Rc2 Rb5 21.Nc4 Qa6 22.Bd2 Rbb8
23.Rfc1 Rd8 24.Be1 Rac8 25.Na5 Qb6 26.Qe4 Rd7 27.Qa4 Rdc7 28.Nc4 Qc6 29.Qxc6 Rxc6
30.Kf1 Kf8 31.Ke2 Ke8 32.Na5 R6c7 33.Bd2 Kd7 34.Nc4 Rc6 35.Ba5 Ke8 36.Rd1 Rb8
37.Bd2 Rbc8 38.Rdc1 Kd7 39.Be1 Ke8 40.Nb2 Kd7 41.Nc4 Ke8  1/2-1/2

[Event "Warsaw"]
[Site "Warsaw"]
[Date "1983.??.??"]
[Round "2"]
[White "Dorfman, Josif D"]
[Black "Adamski, Jan"]
[Result "1/2-1/2"]
[WhiteElo "2540"]
[BlackElo "2425"]

1.d4 Nf6 2.c4 e6 3.Nf3 b6 4.g3 Ba6 5.b3 d5 6.cxd5 Nxd5 7.e4 Bxf1 8.Kxf1 Nf6
9.Bg5 Be7 10.Nc3 O-O 11.Qe2 Nbd7 12.e5 Nd5 13.Nxd5 exd5 14.Bxe7 Qxe7 15.Kg2 f6
16.Qb5 Qe6 17.Rhe1 c6 18.Qd3 Rae8 19.Rad1 fxe5 20.Nxe5 Nxe5 21.Rxe5 Qf7 22.f4 Rxe5
23.dxe5 Qe6 24.b4 g5 25.fxg5 Qxe5 26.b5 cxb5 27.Qxd5+ Qxd5+ 28.Rxd5 b4 29.h4  1/2-1/2

[Event "Yerevan op"]
[Site "Yerevan"]
[Date "1983.??.??"]
[Round "4"]
[White "Sadriev, T."]
[Black "Fedorov, Vladislav"]
[Result "0-1"]
[WhiteElo "2200"]
[BlackElo "2200"]

1.d4 Nf6 2.c4 e6 3.Nf3 b6 4.g3 Ba6 5.Qc2 c5 6.Bg2 Nc6 7.Qa4 Bb7 8.dxc5 Bxc5
9.O-O O-O 10.Nc3 Rc8 11.a3 Be7 12.Nd4 Na5 13.b3 d5 14.Bb2 Nd7 15.cxd5 Nc5
16.Nxe6 Nxa4 17.Nxd8 Nxc3 18.Bxc3 Rxc3 19.Nxb7 Nxb7 20.b4 f5 21.e3 Nd6 22.a4 Rfc8
23.Rfd1 Kf8 24.h3 Rc2 25.g4 g6 26.gxf5 gxf5 27.b5 Bf6  0-1

[Event "OHRA-B"]
[Site "Amsterdam"]
[Date "1984.??.??"]
[Round "9"]
[White "Van der Vliet, Fred"]
[Black "De Boer, Gert Jan"]
[Result "0-1"]
[WhiteElo "2330"]
[BlackElo "2335"]

1.d4 Nf6 2.c4 e6 3.Nf3 b6 4.g3 Ba6 5.b3 Bb4+ 6.Bd2 Be7 7.Bg2 O-O 8.O-O d5
9.cxd5 exd5 10.Nc3 Nbd7 11.Ne5 Bb7 12.Nd3 c5 13.Nf4 cxd4 14.Ncxd5 Nxd5 15.Nxd5 Nc5
16.Nxe7+ Qxe7 17.Bxb7 Nxb7 18.Bc1 Rad8 19.Bb2 Rfe8 20.Re1 Qe4 21.Qd2 Nc5
22.Rac1 h5 23.Ba3 Ne6 24.Qd3 Qg4 25.f3 Qh3 26.e4 dxe3 27.Qxe3 h4 28.Qf2 Ng5
29.Rxe8+ Rxe8 30.Rf1 Qd7 31.Kh1 Qd3 32.gxh4 Nh3 33.Qg2 Nf4 34.Qg1 Re1  0-1

[Event "Barcelona"]
[Site "Barcelona"]
[Date "1984.??.??"]
[Round "?"]
[White "Gomez Esteban, Juan Mario"]
[Black "Sunye Neto, Jaime"]
[Result "1/2-1/2"]
[WhiteElo "2430"]
[BlackElo "2470"]

1.d4 Nf6 2.c4 e6 3.Nf3 b6 4.g3 Ba6 5.b3 d5 6.Bg2 Bb4+ 7.Bd2 Be7 8.cxd5 exd5
9.O-O O-O 10.Nc3 Re8 11.Ne5 Bb7 12.Nd3 Na6 13.Rc1 Ne4 14.e3 c5 15.dxc5 Naxc5
16.Nxc5 Nxc5 17.Qg4 Rc8 18.Rfd1 Nd3 19.Rb1 Bf6 20.Nb5 Ne5 21.Qf4 a6 22.Nd4 Bg5
23.Qf5 g6 24.Qh3 Bf6 25.Bh1 Qe7 26.Bc1 h5 27.Qf1 Ng4 28.h3 Ne5 29.Bb2 Nd7
30.Rbc1 Nc5 31.Ba3 Qd7 32.h4 Ne4 33.Bg2 Rxc1 34.Rxc1 Rc8 35.Qe1 Be5 36.Bb2 Nc5
37.Qd1 Qe7 38.Rc2 Re8 39.Nf3 Bxb2 40.Rxb2 Ne4 41.Rc2 b5 42.Qc1 Rd8 43.Nd4 Kh7
44.Bh3 Qf6 45.Qe1 Re8 46.Qa5 Re7 47.Qd8 Qe5 48.Bg2 Kg7 49.Bxe4 dxe4 50.b4 Re8
51.Qb6 Re7 52.Rc5 Qf6 53.Qd8 Re5 54.Qc7 Re7 55.Qd8 Re5 56.Qb8 Re7 57.a3 Rd7
58.Rc7 Qe7 59.Rxd7 Qxd7 60.Qe5+ Kh7 61.Qf6 Kg8 62.Kg2 Qd5 63.Qe7 Kg7  1/2-1/2

[Event "URS-ch sf"]
[Site "Barnaul"]
[Date "1984.??.??"]
[Round "?"]
[White "Kishnev, Sergey"]
[Black "Gulko, Boris F"]
[Result "1/2-1/2"]
[WhiteElo "2260"]
[BlackElo "2470"]

1.d4 Nf6 2.c4 e6 3.Nf3 b6 4.g3 Ba6 5.b3 Bb4+ 6.Bd2 Be7 7.Nc3 d5 8.cxd5 Nxd5
9.e4 Nxc3 10.Bxc3 Bb7 11.Bb5+ c6 12.Bd3 O-O 13.O-O Nd7 14.Qe2 c5 15.Rfd1 Qc7
16.Rac1  1/2-1/2

[Event "URS-ch sf"]
[Site "Barnaul"]
[Date "1984.??.??"]
[Round "?"]
[White "Nenashev, Alexander"]
[Black "Dzuban, Oleg I"]
[Result "1/2-1/2"]
[WhiteElo "2200"]
[BlackElo "2415"]

1.d4 Nf6 2.c4 e6 3.Nf3 b6 4.g3 Ba6 5.b3 Bb4+ 6.Bd2 Be7 7.Nc3 d5 8.cxd5 exd5
9.Bg2 O-O 10.O-O c5 11.Rc1 Re8 12.Re1 Bb7 13.dxc5 Bxc5 14.Bg5 Nbd7 15.Bh3 Re7
16.Nd4 h6 17.Bf4 Ne5 18.Na4 Bb4 19.Rf1 Ne4 20.Nf5 Re8 21.Qd4 Bc5 22.Nxc5 bxc5
23.Rxc5 Nxc5 24.Qxc5 Bc8 25.Rc1 Kh7 26.Qc2 g6 27.Bxe5 Bxf5 28.Bxf5 Rxe5 29.Bd3 Re8
30.Qc7 Re7 31.Qxd8 Rxd8 32.b4 Red7 33.Rc5 Rb7 34.a3 Rdd7 35.Bb5 Rd6 36.Kf1 Kg7
37.Ke1 a6 38.Bd3 g5 39.h3 Kf6 40.Kd2 Ke5  1/2-1/2

[Event "Berlin op"]
[Site "Berlin-West"]
[Date "1984.??.??"]
[Round "3"]
[White "Inkiov, Ventzislav"]
[Black "Rigo, Janos"]
[Result "1/2-1/2"]
[WhiteElo "2475"]
[BlackElo "2370"]

1.d4 Nf6 2.c4 e6 3.Nf3 b6 4.g3 Ba6 5.Qa4 c6 6.Nc3 d5 7.cxd5 b5 8.Qb3 exd5
9.a3 Bd6 10.Bg2 O-O 11.O-O Re8 12.Re1 h6 13.Nh4 b4 14.axb4 Bc4 15.Qc2 Na6
16.b5 Nb4 17.Qd1 Bxb5 18.Nf5 Bf8 19.Bf4 Ba6 20.Ne3 Bb7 21.Nc2 a5 22.Rc1 Ba6
23.Na4 Nxc2 24.Qxc2 Bb4 25.Bd2 Rb8 26.e3 Bc4 27.Bxb4 Rxb4 28.Nc5 Qb6 29.b3 Bxb3
30.Nxb3 Rxb3 31.Qxc6 Qxc6 32.Rxc6 Reb8 33.Bf3 a4 34.Kg2 Rb2 35.Rec1 a3 36.Rc8+ Rxc8
37.Rxc8+ Kh7 38.Ra8 a2 39.g4 g5 40.h3 Kg7 41.Kg3 Rd2 42.Bg2  1/2-1/2

[Event "Berlin op"]
[Site "Berlin-West"]
[Date "1984.??.??"]
[Round "7"]
[White "Holzapfel, Daniel"]
[Black "Kruszynski, Wlodzimierz"]
[Result "0-1"]
[WhiteElo "2200"]
[BlackElo "2385"]

1.d4 Nf6 2.c4 e6 3.Nf3 b6 4.g3 Ba6 5.Nbd2 Bb7 6.Bg2 c5 7.O-O cxd4 8.Nxd4 Bxg2
9.Kxg2 Be7 10.b3 O-O 11.Bb2 d6 12.e3 a6 13.Qf3 Ra7 14.Ne4 Ne8 15.Rfd1 Rc7
16.Nc3 Qc8 17.Rac1 Nd7 18.Qe2 Nef6 19.e4 Qb7 20.f3 Rfc8 21.Qe3 Nc5 22.Rc2 Qb8
23.Rcd2 Qb7 24.Rc2 Ncd7 25.Qe2 Ne8 26.Rcc1 Bf6 27.Qe3 Nb8 28.Qe2 Nc6 29.Nxc6 Rxc6
30.a4 h6 31.Kg1 R8c7 32.Kg2 Bxc3 33.Rxc3 b5 34.axb5 axb5 35.Rdc1 bxc4 36.bxc4 Qc8
37.Qd3 Nf6 38.Ba3 Qa6 39.Qe3 Nd7 40.c5 dxc5 41.Bxc5 Rxc5 42.Rxc5 Qa7 43.Rxc7 Qxe3
44.R1c3  0-1

[Event "Berlin op"]
[Site "Berlin-West"]
[Date "1984.??.??"]
[Round "9"]
[White "Federau, Juergen"]
[Black "Kruszynski, Wlodzimierz"]
[Result "0-1"]
[WhiteElo "2210"]
[BlackElo "2385"]

1.d4 Nf6 2.c4 e6 3.Nf3 b6 4.g3 Ba6 5.Qa4 Bb7 6.Bg2 c5 7.O-O cxd4 8.Nxd4 Bxg2
9.Kxg2 Be7 10.Nc3 O-O 11.Rd1 Qc8 12.Bf4 a6 13.Rd2 Nh5 14.Be3 Qb7+ 15.Kg1 Rc8
16.Rad1 d6 17.Qb3 Nd7 18.Nc2 Qc6 19.Na3 Rab8 20.f3 Rd8 21.Qc2 Ne5 22.b3 Rbc8
23.Bd4 Nd7 24.Qb2 Nhf6 25.e4 Rb8 26.Rc2 Ne5 27.Kg2 Nfd7 28.Nab1 Qb7 29.a4 Rf8
30.Re2 Nc5 31.Bxe5 dxe5 32.b4 Nd7 33.Red2 Rfd8 34.Ne2 Rbc8 35.Qb3 Kf8 36.Na3 Ke8
37.h4 Qc6 38.Kh2 a5 39.bxa5 bxa5 40.Rc2 Nc5 41.Rxd8+ Bxd8 42.Qb5 Nxa4 43.Rd2 Be7
44.Nc2 Qxb5 45.cxb5 Rb8 46.Ne3 Rxb5 47.Nc4 Rc5 48.Ne3 Nc3 49.Rb2 Nxe2 50.Rxe2 Rc3
51.Kg2 Bc5 52.Rc2 Rxc2+ 53.Nxc2 a4 54.Kf1 a3  0-1

[Event "Bor"]
[Site "Bor"]
[Date "1984.??.??"]
[Round "?"]
[White "Todorovic, Goran M"]
[Black "Arnason, Jon L"]
[Result "0-1"]
[WhiteElo "2230"]
[BlackElo "2505"]

1.d4 Nf6 2.Nf3 e6 3.c4 b6 4.g3 Ba6 5.b3 Bb4+ 6.Bd2 Be7 7.Bg2 c6 8.Bc3 d5
9.Nbd2 Nbd7 10.O-O Bb7 11.cxd5 cxd5 12.Bb2 O-O 13.Rc1 Bb4 14.a3 Bd6 15.Ne5 Rc8
16.Rxc8 Qxc8 17.Qb1 Qb8 18.Ndf3 Ba6 19.Re1 Rc8 20.Bf1 Nf8 21.Rc1 Ne4 22.Rxc8 Qxc8
23.Qc1 Qxc1 24.Bxc1 Nc3 25.Nd3 Bxd3 26.exd3 a5 27.a4 Nd7 28.Bd2 Na2 29.Be2 Nb8
30.Kf1 Nc6 31.Ke1 Ba3 32.Kd1 Bb2 33.Be3 Nab4 34.Kd2 Kf8 35.Bd1 Ke7 36.h4 h6
37.g4 f6 38.g5 hxg5 39.hxg5 Kd7 40.gxf6 gxf6 41.Be2  0-1